000 00273nam a2200097Ia 4500
082 _aJ R 031 NEWB
245 0 _aComplete A-Z geography handbook
100 _a SKINNER, Malcolm London, 2003 3rd ed
_980057
942 _cBK
008 210817s9999 xx 000 0 und d
999 _c280266
_d280264